LEADER 01526nas a2200289 i 4500 001 000000161856 003 CaOOAMICUS 005 20070530000000.0 008 070530b2004 pl uu u0 0pol r 013 $a139220 040 $aSeMil$bita 245 10$aLiteratura Polska =$bLitterature Polonaise = Polish Literature. 246 01$aLitterature Polonaise = Polish Literature 246 04$iTitolo in copertina:$aDramat i teatr 260 $aLublin :$bTowarzystwo Naukowe Katolickiego Uniwersytetu Lubelskiego,$c2004. 300 $a323 p., [1] c. di ritratto ;$c24 cm. 500 $aDoppio frontespizio a fronte con formulazione parallela del titolo in francese e in inglese. - Articoli con sintesi in inglese [Summary] in coda. 700 1 $aSlawinska, Irena <1913-2004>.$0(OLS)http://semarc/name/42795 773 0 $tRoczniki Humanistyczne.$dLublin : Towarzystwo Naukowe Katolickiego Uniwersytetu Lubelskiego, 1949.$x0035-7707$w()2885 774 0 $t[vedi periodico].$w()266535 850 $aSeMil 852 $aSeMil$W1$xVenegono$y1$m216 1 86$j113233$B113233$CSeMilBibl$Z2$F123818 $85 961 $aCambio: Scuola Cattolica 996 $6245$aLiteratura Polska =$bLitterature Polonaise = Polish Literature$9(OLS)http://semarc/title/145209 996 $6246$aLitterature Polonaise = Polish Literature$9(OLS)http://semarc/title/406309 996 $6246$aDramat i teatr$9(OLS)http://semarc/title/145213 996 $6260$aLublin :$bTowarzystwo Naukowe Katolickiego Uniwersytetu Lubelskiego$9(OLS)http://semarc/publisher/30942 LEADER 00702nam a2200169 i 4500 001 000000196007 003 CaOOAMICUS 005 20260119171738.0 008 110111s1976 it u000 u ita u 040 $aSeMil$bita 245 10$a2: Tempo di Quaresima; Triduo pasquale; Tempo di Pasqua. 300 $a2075 p. 773 0 $aChiesa Cattolica$tLiturgia delle ore secondo il rito romano.$d[Cittą del Vaticano] : Libreria Editrice Vaticana, 1976.$g2$w()24144 850 $aSeMil 852 $aSeMil$W1$xVenegono$y1$m3KK I 24/2$j266271$B146572$CSeMilBibl$Z2$F158032 $81 996 $6245$a2: Tempo di Quaresima; Triduo pasquale; Tempo di Pasqua$9(OLS)http://semarc/title/282960